Elementary text book for young surveyors and levellers (Record no. 113889)

MARC details
000 -LEADER
fixed length control field 00617cam a22001815a 4500
001 - CONTROL NUMBER
control field L155875
008 - FIXED-LENGTH DATA ELEMENTS--GENERAL INFORMATION
fixed length control field 120418s1846 xxk f 000 0 eng d
035 ## - SYSTEM CONTROL NUMBER
System control number (Sirsi) u155875
041 0# - LANGUAGE CODE
Language code of text/sound track or separate title eng
100 1# - MAIN ENTRY--PERSONAL NAME
Personal name Castle, Henry James
Dates associated with a name 1809-1891
245 00 - TITLE STATEMENT
Title Elementary text book for young surveyors and levellers
Remainder of title prepared expressly for the use of schools and colleges
260 ## - PUBLICATION, DISTRIBUTION, ETC.
Place of publication, distribution, etc. London
Name of publisher, distributor, etc. Simpkin, Marshall
Date of publication, distribution, etc. 1846
300 ## - PHYSICAL DESCRIPTION
Extent xiv, 185p., [4] leaves of plates
Other physical details ill.
Dimensions 12o
583 ## - ACTION NOTE
Action Condition reviewed
Time/date of action 20120620
Status condition level 1
651 #4 - SUBJECT ADDED ENTRY--GEOGRAPHIC NAME
Geographic name Great Britain
Chronological subdivision 1707-
690 ## - LOCAL SUBJECT ADDED ENTRY--TOPICAL TERM (OCLC, RLIN)
Topical term or geographic name as entry element Measurement
9 (RLIN) 6256
942 ## - ADDED ENTRY ELEMENTS (KOHA)
Suppress in OPAC 0
Holdings
Withdrawn status Lost status Source of classification or shelving scheme Damaged status Not for loan Home library Current library Shelving location Date acquired Total Checkouts Full call number Barcode Date last seen Copy number Price effective from Koha item type
    Dewey Decimal Classification     Historic collection Historic collection Historic collection 18/04/2012   OCTAVO 1846 CASTLE 30076763 06/08/2019 2 06/08/2019 Book